000 00240nam a2200097Ia 4500
001 709330
005 20250826162544.0
008 250824s9999 xx 000 0 und d
245 0 _aKIRMIZI KARTAL
_cMİYASE SERTBARUT
260 _bTUDEM YAYINLARI
999 _c709330
_d709330